Rozpoznaj kraj po budowli - Statystyki

Ogólne statystyki
  • Ten quiz został rozwiązany 100 razy
  • Średni wynik to 12 z 16
Statystyki odpowiedzi
Obrazkowy Odpowiedź % Poprawnych
Francja
95%
Egipt
94%
Włochy
94%
Polska
93%
Wielka Brytania
93%
Brazylia
90%
Rosja
90%
Niemcy
87%
Australia
83%
Indie
83%
Hiszpania
81%
Zjednoczone Emiraty Arabskie
73%
Turcja
54%
Jordania
50%
Malezja
44%
Stany Zjednoczone
43%
Nie znaleziono quizów pasujących do podanych kryteriów
Rozkład punktacji
Procent ludzi z każdym wynikiem
Percentyl według liczby udzielonych odpowiedzi
Twoja historia wyników
Nie rozwiązałeś tego quizu